Torschützenliste der Ligue 1 2020-2021 - Statistiken

Allgemein
  • Dieses Quiz wurde 16 mal gespielt
  • Das Durchschnittsergebnis liegt bei 6 aus 11
Antwortstatistiken
Tore Nationalität Verein Spieler % Korrekt
27 Frankreich Paris Saint-Germain Kylian Mbappé
100%
16 Deutschland AS Monaco Kevin Volland
94%
20 Niederlande Olympique Lyon Memphis Depay
94%
10 Frankreich AS Monaco Wissam Ben Yedder
81%
16 Türkei OSC Lille Burak Yılmaz
69%
14 Kamerun Olympique Lyon Karl Toko Ekambi
50%
15 Frankreich HSC Montpellier Andy Delort
31%
16 Frankreich Racing Straßburg Ludovic Ajorque
31%
14 Nigeria FC Lorient Terem Moffi
31%
14 Senegal Stade Reims Boulaye Dia
19%
16 Frankreich HSC Montpellier Gaëtan Laborde
19%
Keine übereinstimmenden Quizze gefunden
Verteilung der Resultate
Anzahl Personen mit jedem Resultat
Perzentil nach korrekt beantworteten Fragen
Ihre Resultats-Entwicklung
Sie haben dieses Quiz noch nicht gespielt